000 00979nam a22003137a 4500
003 CHAP
005 20220817042614.0
008 971013s1967 r 00010 d
010 _a49584
011 _a50556
035 _a54706
040 _cCHAP
090 _aFolleto 6050
100 0 0 _aSalmerón de Diego, José.
_9101753
245 _aAnomalías de los frutos producidos en la fructificación
260 _aMadrid :
_bMinisterio de Agricultura,
_c1967
300 _a16 p.
_b: ilus.
490 _aHojas divulgadoras
_v; 24-67
590 _aBATCH-UPD
_b10
_c20130110
_lUCH01
_h0717
590 _aBATCH-UPD
_b10
_c20130410
_lUCH01
_h0402
590 _aBATCH-UPD
_b10
_c20130914
_lUCH01
_h1444
590 _aCONVERSION
_b10
_c20130109
_lUCH01
_h1327
650 1 4 _aFruta
_xCrecimiento.
_943605
650 1 4 _aFruta
_xTeratología.
_943661
830 0 _aHojas divulgadoras
_v; 24-67
901 _aBK
942 _cFOLL
949 _aFolleto 6050
_bBC
_cFOLL
_d-120534
_eTS1
_i54706
_mD
_si
999 _c49584
_d49584